000
00259nam a22001097a 4500
040
_c
rua
082
_a
FRA MIC 1987 C227 Or.
100
_a
Michel Mustin.
245
_a
Lecompost GESTION DELA MATIERE ORGANIQUE.
260
_a
phnom penh
_b
rua
_c
1987
942
_c
EK
999
_c
21328
_d
21328